| 000 | 00000nam##2200000za#4500 |
| 001 | 9.680649 |
| 003 | CaOODSP |
| 005 | 20200330064511 |
| 007 | ta |
| 008 | 150407|1998||||xxc||||| f|0| 0 fre|d |
| 020 | |a0-662-83417-8 |
| 040 | |aCaOODSP|bfre |
| 043 | |an-cn--- |
| 086 | 1 |aRG79-4/1-1998F |
| 110 | 1 |aCanada. |bConseil d'examen du prix des médicaments brevetés. |
| 245 | 13|aLe guide pour la prochaine décennie : |brapport sur la consultation du CEPMB |
| 260 | |aOttawa - Ontario : |bConseil d'examen du prix des médicaments brevetés |c1998. |
| 300 | |a38p. en pagination multiple. : |bgraphiques, tableaux ; |c28 cm. |
| 500 | |aSommaire: Message du Conseil.--Contexte.--Ce qu'ont dit les intervenants au sujet de la politique pharmaceutique du Canada et le mandat du CEPMB.--Ce qu'ont dit les intervenants au sujet de la façon dont le Conseil exercice son mandat.--Plan d'action sur le suivi à donner aux commentaires et aux suggestions des intervenants.--Conclusion.--Annexes. Accompagné de: Faits saillants.--Politique de consultation.--Programme de recherche du CEPMB: 1998-2000.--Série d'études du CEPMB S-9811: Tendances des prix des médicaments brevetés.--Série d'études du CEPMB S-9812: Vérification des prix des médicaments brevetés pratiqués à l'étranger.--Prix aux États-Unis: formulaire du département des Anciens combattants.--Processus d'examen des prix: aperçu préliminaire des questions d'intérêt.--Prix des médicaments de la catégorie 3: Aperçu préliminaire des questions d'intérêt.--Avis et commentaires: Réglementation des prix des médicaments brevetés pour usage vétérinaire. |
| 590 | |a99-01|b1999-01-08 |
| 691 | 07|aMédicament|2gcpds |
| 691 | 07|aBrevet|2gcpds |
| 691 | 07|aPrix|2gcpds |
| 775 | 08|tRoad map for the next decade : |w(CaOODSP)9.647224 |
| 776 | 0#|tLe guide pour la prochaine décennie : |w(CaOODSP)9.642399 |